Deutsche Sänger - Statistiken

Allgemein
  • Dieses Quiz wurde 794 mal gespielt
  • Das Durchschnittsergebnis liegt bei 8 aus 10
Antwortstatistiken
Bildquiz Antwort % Korrekt
Mark Forster
97%
Lena-Meyer Landrut
87%
Udo Lindenberg
87%
Nena
77%
Nico Santos
76%
Max Giesinger
74%
Adel Tawil
73%
Wincent Weiss
67%
Andreas Bourani
64%
Tim Bendzko
59%
Keine übereinstimmenden Quizze gefunden
Verteilung der Resultate
Anzahl Personen mit jedem Resultat
Perzentil nach korrekt beantworteten Fragen
Ihre Resultats-Entwicklung
Sie haben dieses Quiz noch nicht gespielt